00471nam a22001457a 4500003000400000005001700004008004100021020001800062082001600080100002200096245011100118260005000229300001500279700003100294OSt20210707152540.0210707b ||||| |||| 00| 0 eng d a9788131787229 a174.4bM72C aMohapatra, Sanjay aCase studies in business ethics and corporate governancecby Sanjay Mohaptra and Sreejesh Surendran Pillai aNoidabPearson India Education Servicesc2019 bxiv, 178p. aPillai, Sreejesh Surendran